| 000 | 00884nam a2200217 a 4500 | ||
|---|---|---|---|
| 001 | 20606 | ||
| 003 | CO-ViMGA | ||
| 008 | 141112s2004 ck r 000 u spa d | ||
| 020 | _a9500613670 | ||
| 040 |
_aCO-ViMGA _bspa _cCO-ViMGA |
||
| 082 | 0 | 4 | _a612.64 S135 8ed. |
| 100 | 1 |
_aSadler, T.W.; Langman, Jan _929847 |
|
| 245 | 1 | 0 |
_aEmbriología medica : _bCon orientación clínica |
| 250 | _a8 | ||
| 260 |
_aBuenos Aires : _bMedica panAméricana, _c2002 |
||
| 300 | _a482p | ||
| 505 | _aEmbriología general gametogenesis : conversión de las celulas germinales en gametos masculinos y femeninos 3 - - Embriología especial Sistema tegumentario, sistema nervioso central 392 | ||
| 590 | _aForma de adquisición : Compra fact.0531 - - Precio : 105000 - - Proveedor : Temas y libros - - Fecha de adquisición : abril 2006 | ||
| 650 | 1 | 4 |
_aEMBRIOLOGÍA MeDICA _952003 |
| 942 |
_2ddc _cBK |
||
| 999 |
_c29599 _d29599 |
||